| 000 | 00000nam##2200000za#4500 |
| 001 | 9.695432 |
| 003 | CaOODSP |
| 005 | 20210624234556 |
| 007 | cr ||||||||||| |
| 008 | 150407|2000||||xxc|||||o f|0| 0 eng|d |
| 040 | |aCaOODSP|beng |
| 043 | |an-cn--- |
| 086 | 1 |aM92-179/2000E-PDF |
| 110 | 1 |aCanada. |bNatural Resources Canada. |
| 245 | 10|aSolar water heating systems : |h[electronic resource]|ba buyer's guide / |c[prepared for Natural Resources Canada with the assistance of Michael Noble]. |
| 246 | 1 |iAt head of title : |aRenewable energy |
| 260 | |aOttawa - Ontario : |bNatural Resources Canada |cc2000. |
| 300 | |a21p.|bfigs. (some coloured), glossary, graphs, map, table, photographs |
| 500 | |a"This guide has been prepared to assist consumers with the purchase of a solar water heater, also known as a Solar Domestic Hot Water (SDHW) system, for their home. Some of the topics covered in the Guide include: benefits of solar water heating, how a solar water heater works, selection of a product and dealer, installation and operation of a system, and product and dealer selection."--p. 4 of 21. |
| 500 | |aAt head of title: Renewable energy. The catalogue number (M92-179/2000E) and ISBN (0-662-28486-0) for the print edition have been incorrectly copied in this electronic publication. |
| 520 | 3 |a"This guide has been prepared to assist consumers with the purchase of a solar water heater, also known as a Solar Domestic Hot Water (SDHW) system, for their home. Some of the topics covered in the Guide include: benefits of solar water heating, how a solar water heater works, selection of a product and dealer, installation and operation of a system, and product and dealer selection."--p. 4 of 21. |
| 590 | |a12-15-Supp|b2012-04-13 |
| 690 | 07|aSolar heating|2gcpds |
| 690 | 07|aHousing|2gcpds |
| 720 | 1 |aNoble, Michael |
| 775 | 08|tLes chauffe-eau solaires : |w(CaOODSP)9.639568 |
| 776 | 0#|tSolar water heating systems : |w(CaOODSP)9.647600 |
| 856 | 40|ahttp://publications.gc.ca|qPDF|s341 KB|uhttps://publications.gc.ca/collections/Collection/M92-179-2000E.pdf |